| 000 | 00728cab a2200229 4500 | ||
|---|---|---|---|
| 001 | WB3329-56 | ||
| 008 | 090401t1997 xxu||||| |||| 00| 0 eng d | ||
| 035 | _a(Sirsi) u79829 | ||
| 041 | _aeng | ||
| 245 | _aProtecting ESAs | ||
| 260 | _c1997 | ||
| 350 | _a0 | ||
| 490 |
_aNational Audit Office Press Notice _v(HC120) 23 July 1997, (2) |
||
| 520 | _aSir John Bourn, head of the National Audit Office, reports that the Environmentally Sensitive Areas Scheme operated by MAFF has secured valuable benefits but could achieve more. | ||
| 650 | _aENVIRONMENTALLY SENSITIVE AREAS | ||
| 650 | _aESAS | ||
| 650 | _aMAFF | ||
| 650 | _aNATIONAL AUDIT OFFICE | ||
| 690 | _aRURAL PRACTICE | ||
| 942 | _n0 | ||
| 948 | _c23/07/1997 | ||
| 999 |
_c50226 _d50226 |
||